| 000 | 01620nam2a2200253 4500 | ||
|---|---|---|---|
| 001 | rc\3236839 | ||
| 005 | 20250609194357.0 | ||
| 021 |
_aRU _b[74-49976] |
||
| 035 | _a(NLR Aleph) 007474214 | ||
| 090 |
_a7448503 _c7448503 |
||
| 100 | _a20130115d1974 |||y0rusy50 ca | ||
| 101 | 0 | _arus | |
| 102 | _aRU | ||
| 105 | _ay g 000yy | ||
| 200 | 0 |
_a... за 1973 год _fСаратовский государственный университет имени Н. Г. Чернышевского, Зональная научная библиотека, Саратовское областное отделение ОСЧД _gсоставитель: Л. К. Бурьян |
|
| 210 |
_d1974 _aБ. м. |
||
| 215 | _a23, [4] с. | ||
| 461 | 0 |
_1001rc\3236837 _12001#$aЧехословакия - курсом социализма$eлитература о ЧССР ...$fНаучная библиотека Саратовского государственного университета им. Н. Г. Чернышевского, Саратовское областное отделение ОСЧД$v... за 1973 год _97448486 _cСаратов _d1973 _fНауч. б-ка Сарат. гос. ун-та им. Н.Г. Чернышевского. Сарат. обл. отд-ние ОСЧД _nБ. и. _o(Литература о ЧССР... _tЧехословакия - курсом социализма _v... за 1973 год |
|
| 702 | 1 |
_aБурьян _bЛ. К. _gЛюдмила Кузьминична _4220 |
|
| 852 |
_aNLR _jс571Чехосл/Ч-56 |
||
| 942 | _cBOOK | ||
| 980 | _aNB | ||